[Event "WTCC-65 2018"]
[Site "Radebeul"]
[Date "2018.07.08"]
[Round "2"]
[White "Falk, Thomas"]
[Black "Ackermann, Hans Werner"]
[Result "1/2-1/2"]
[WhiteElo "2117"]
[BlackElo "2267"]
[Annotator "NA"]
[PlyCount "59"]
[EventDate "2018.07.07"]
[EventType "team-tourn"]
[EventCountry "GER"]
[SourceTitle "playchess.com"]
[Source "ChessBase"]
[SourceQuality "1"]
[TimeControl "40/5400+30:1800+30"]

1. Nf3 {[%emt 0:00:00]} d6 {[%emt 0:00:00]} 2. d4 {[%emt 0:00:00]} g6 {[%emt 0:00:00]} 3. c4 {[%emt 0:00:03]} Bg7 {[%emt 0:00:02]} 4. e4 {[%emt 0:00:54]} Nf6 {[%emt 0:01:56]} 5. Nc3 {[%emt 0:00:06]} O-O {[%emt 0:00:06]} 6. Be2 {[%emt 0:00:06]} Na6 {[%emt 0:02:12]} 7. O-O {[%emt 0:00:53]} c6 {[%emt 0:02:49] LiveBook: 146 Partien} 8. h3 {[%emt 0:02:21]} Nd7 {[%emt 0:05:07] E91: King's Indian: Classical: 6 Be2, unusual replies including 6...c5 and 6...Bg4} (8... e5 9. d5 Nh5 10. Nh2 Nf4 11. Bf3 cxd5 12. cxd5 Bd7 13. Be3 f5 14. Qd2 Nxh3+ 15. gxh3 f4 16. Bxa7 Rxa7 {0-1 (44) Rahul,S (2408)-Gukesh,D (2320) Moscow 2018}) 9. Bg5 {[%emt 0:05:40]} h6 {[%emt 0:04:21]} 10. Be3 {[%emt 0:00:06]} e5 {[%emt 0:05:07]} 11. Qd2 {[%emt 0:04:32]} Kh7 {[%emt 0:00:55]} 12. Rad1 {[%emt 0:02:25]} Qe7 {[%emt 0:04:03]} 13. dxe5 $146 {[%emt 0:07:56]} ({Predecessor:} 13. a3 f5 14. dxe5 dxe5 15. Qd6 Qe8 16. b4 {1-0 (39) Maceda Espinoza,M-Retamozo,K (1956) Piura 2013}) 13... dxe5 {[%emt 0:00:18]} 14. a3 {[%emt 0:00:40]} Nac5 {[%emt 0:06:05]} 15. b4 {[%emt 0:01:31]} Ne6 {[%emt 0:01:22]} 16. c5 {[%emt 0:00:08]} Nf4 {[%emt 0:06:57]} 17. Bc4 {[%emt 0:02:33]} g5 $16 {[%emt 0:04:29]} 18. Qd6 {[%emt 0:06:21]} Qf6 {[%emt 0:24:24]} 19. Qxf6 {[%emt 0:08:51]} Bxf6 {[%emt 0:00:40]} 20. Ne2 {[%emt 0:01:10]} Nxe2+ {[%emt 0:00:43]} 21. Bxe2 {[%emt 0:00:03]} Re8 {[%emt 0:02:00]} 22. Nd2 {[%emt 0:00:23]} Nf8 {[%emt 0:01:45]} 23. Nc4 {[%emt 0:01:35]} Be6 {[%emt 0:02:55]} 24. Nd6 {[%emt 0:00:27]} Re7 {[%emt 0:00:40]} 25. Nf5 {[%emt 0:05:49]} Rc7 {[%emt 0:01:21]} 26. a4 {[%emt 0:15:23]} Ng6 {[%emt 0:02:44]} 27. Bg4 {[%emt 0:12:29]} a6 {[%emt 0:02:58]} 28. Rd6 {[%emt 0:03:05]} Re8 {[%emt 0:05:54]} 29. Rb1 {[%emt 0:02:01]} Be7 {[%emt 0:02:32]} 30. Nxe7 {[%emt 0:00:58]} 1/2-1/2

[Event "WTCC-65 2018"]
[Site "Radebeul"]
[Date "2018.07.08"]
[Round "2"]
[White "Weiss, Werner"]
[Black "Donchenko, Anatoly G"]
[Result "0-1"]
[WhiteElo "2116"]
[BlackElo "2301"]
[Annotator "NA"]
[PlyCount "80"]
[EventDate "2018.07.07"]
[EventType "team-tourn"]
[EventCountry "GER"]
[SourceTitle "playchess.com"]
[Source "ChessBase"]
[SourceQuality "1"]
[TimeControl "40/5400+30:1800+30"]

1. e4 {[%emt 0:00:00]} c5 {[%emt 0:00:00]} 2. Nf3 {[%emt 0:00:00]} d6 {[%emt 0:00:00]} 3. d3 {[%emt 0:00:00]} g6 {[%emt 0:00:21]} 4. g3 {[%emt 0:00:04]} Bg7 {[%emt 0:00:11]} 5. Bg2 {[%emt 0:00:05]} Nc6 {[%emt 0:00:35]} 6. O-O {[%emt 0:00:17]} Bg4 {[%emt 0:00:26]} 7. h3 {[%emt 0:00:26]} Bxf3 {[%emt 0:00:08]} 8. Qxf3 {[%emt 0:00:23]} Nf6 {[%emt 0:00:29] LiveBook: 13 Partien} 9. c3 {[%emt 0:00:56] A04: Holländisches System ohne Übergang in andere Systeme} O-O {[%emt 0:00:30]} (9... Nd7 10. Be3 b5 11. Qe2 Rc8 12. a3 a5 13. Nd2 b4 14. Rac1 O-O 15. f4 bxc3 16. bxc3 {1-0 (36) Predojevic,B (2639)-Seyb,A (2420) Austria 2016}) 10. Qe2 {[%emt 0:06:25]} Qc7 {[%emt 0:00:47]} 11. Bf4 $146 {[%emt 0:10:29]} ({Vorgänger:} 11. Be3 b6 12. Nd2 Rad8 13. f4 d5 14. e5 Nd7 15. Rac1 {½-½ (45) Six,S (1987)-Zitny,P (1820) IECC email 1998}) 11... Rab8 {[%emt 0:01:26]} 12. Rd1 {[%emt 0:12:07]} Nd7 {[%emt 0:01:00]} 13. Nd2 {[%emt 0:08:56]} b5 {[%emt 0:00:36]} 14. Nf3 {[%emt 0:00:30]} b4 {[%emt 0:04:14]} 15. c4 {[%emt 0:01:11]} ({White should play} 15. d4 $11) 15... a5 {[%emt 0:02:03]} 16. h4 {[%emt 0:00:41]} a4 {[%emt 0:05:49]} 17. Rab1 {[%emt 0:00:06]} e6 {[%emt 0:03:44]} 18. Qd2 {[%emt 0:03:19]} a3 {[%emt 0:03:55]} 19. b3 {[%emt 0:00:02]} Nde5 $17 {[%emt 0:00:14]} 20. Bxe5 {[%emt 0:13:34]} Bxe5 {[%emt 0:00:59]} 21. h5 {[%emt 0:00:48]} Bg7 {[%emt 0:01:08]} 22. Bh3 {[%emt 0:04:53]} Qe7 {[%emt 0:00:58]} 23. h6 {[%emt 0:05:35]} Bc3 {[%emt 0:01:23]} 24. Qe3 {[%emt 0:06:46]} Rbe8 {[%emt 0:02:47]} 25. Kg2 {[%emt 0:04:25]} f5 {[%emt 0:04:05]} 26. Rbc1 {[%emt 0:05:51]} Nd4 {[%emt 0:05:25]} 27. Ng5 {[%emt 0:03:02]} e5 {[%emt 0:18:32]} 28. f4 {[%emt 0:01:58]} exf4 {[%emt 0:01:09]} 29. gxf4 {[%emt 0:00:06]} Ne6 {[%emt 0:00:18]} 30. Nxe6 {[%emt 0:04:29]} Qxe6 {[%emt 0:00:01]} 31. Qg3 {[%emt 0:00:17]} Kh8 {[%emt 0:01:04]} 32. Kh1 {[%emt 0:01:57]} Qf6 {[%emt 0:00:30]} 33. exf5 {[%emt 0:01:46]} gxf5 {[%emt 0:00:16]} 34. Qg7+ {[%emt 0:00:48]} Qxg7 {[%emt 0:00:13]} 35. hxg7+ {[%emt 0:00:08]} Kxg7 {[%emt 0:00:04]} 36. Rc2 {[%emt 0:00:19]} Kf6 {[%emt 0:00:29]} 37. Rg2 {[%emt 0:02:15]} Re3 {[%emt 0:04:01]} 38. Rh2 {[%emt 0:00:29]} Rfe8 {[%emt 0:05:14]} 39. Rf1 {[%emt 0:03:12]} Re1 {[%emt 0:02:42]} 40. Rhf2 {[%emt 0:00:00]} Bd4 {[%emt 0:00:00]} 0-1

[Event "WTCC-65 2018"]
[Site "Radebeul"]
[Date "2018.07.08"]
[Round "2"]
[White "Woeber, Friedrich"]
[Black "Giffard, Nicolas"]
[Result "1/2-1/2"]
[WhiteElo "2114"]
[BlackElo "2260"]
[Annotator "NA"]
[PlyCount "89"]
[EventDate "2018.07.07"]
[EventType "team-tourn"]
[EventCountry "GER"]
[SourceTitle "playchess.com"]
[Source "ChessBase"]
[SourceQuality "1"]
[TimeControl "40/5400+30:1800+30"]

1. e4 {[%emt 0:00:00]} c6 {[%emt 0:00:00]} 2. d4 {[%emt 0:00:01]} d5 {[%emt 0:00:00]} 3. exd5 {[%emt 0:00:41]} cxd5 {[%emt 0:00:03]} 4. Bd3 {[%emt 0:00:33]} Nc6 {[%emt 0:00:16]} 5. c3 {[%emt 0:00:11]} Qc7 {[%emt 0:00:29]} 6. h3 {[%emt 0:01:47]} e6 {[%emt 0:04:32] B13: Caro-Kann: Exchange Variation and Panov-Botvinnik Attack} (6... e5 7. dxe5 Nxe5 8. Nf3 Bd6 9. Nxe5 Bxe5 10. O-O Nf6 11. Nd2 O-O 12. Nf3 Bd6 13. Re1 h6 14. Nd4 {0-1 (82) Malakhov,V (2686)-Howell,D (2676) Riadh 2017}) 7. Nf3 {[%emt 0:02:12]} Bd6 {[%emt 0:02:00] LiveBook: 21 Games} 8. O-O {[%emt 0:00:58]} h6 {[%emt 0:03:33]} 9. Re1 {[%emt 0:04:03]} Nge7 {[%emt 0:02:12]} 10. c4 $146 {[%emt 0:11:04]} ({Predecessor:} 10. b4 a6 11. a4 O-O 12. Ra2 f6 13. Bc2 e5 14. Bb3 {½-½ (49) Ulybin,M (2538)-Brunello,S (2552) Alghero 2011}) 10... dxc4 {[%emt 0:02:04]} 11. Bxc4 {[%emt 0:00:24]} O-O {[%emt 0:02:34]} 12. Nc3 {[%emt 0:00:33]} a6 {[%emt 0:00:19]} 13. Ne4 {[%emt 0:06:05]} Bf4 {[%emt 0:02:10]} 14. Bxf4 {[%emt 0:07:40]} Qxf4 {[%emt 0:00:28]} 15. Ng3 {[%emt 0:01:07]} Rd8 {[%emt 0:03:46]} 16. Re4 {[%emt 0:01:38]} Qd6 {[%emt 0:05:22]} 17. Qe2 {[%emt 0:05:20]} Bd7 {[%emt 0:07:42]} 18. Re1 {[%emt 0:13:47]} Rac8 {[%emt 0:01:34]} 19. Rg4 {[%emt 0:05:43]} Na5 {[%emt 0:04:58]} 20. Bd3 {[%emt 0:01:47]} f5 {[%emt 0:09:01]} 21. Rxg7+ {[%emt 0:16:56]} Kxg7 {[%emt 0:00:38]} 22. Nh5+ {[%emt 0:00:08]} Kf8 {[%emt 0:00:25]} 23. Qd2 $14 {[%emt 0:01:13]} Ng8 {[%emt 0:00:25]} 24. Qxa5 {[%emt 0:00:26]} Be8 {[%emt 0:09:26]} 25. Ng3 {[%emt 0:06:28]} Bc6 {[%emt 0:00:54]} 26. Bxf5 {[%emt 0:05:30]} Bxf3 {[%emt 0:06:31]} 27. Rxe6 {[%emt 0:00:15]} Rc1+ {[%emt 0:00:33]} 28. Kh2 {[%emt 0:00:03]} Qxd4 {[%emt 0:00:22]} 29. Qa3+ {[%emt 0:01:08]} Kf7 {[%emt 0:00:27]} 30. Qxf3 {[%emt 0:00:06]} Qd1 {[%emt 0:00:12]} 31. Qxd1 {[%emt 0:01:11]} Rdxd1 {[%emt 0:01:05]} 32. Ne4 {[%emt 0:00:17]} Rc6 {[%emt 0:02:28]} 33. Rxc6 {[%emt 0:00:57]} bxc6 {[%emt 0:00:06]} 34. a4 {[%emt 0:00:49]} Ne7 {[%emt 0:00:42]} 35. Bg4 {[%emt 0:01:46]} Rb1 {[%emt 0:01:41]} 36. Nd6+ {[%emt 0:00:56]} Kf6 {[%emt 0:00:34]} 37. Nc4 {[%emt 0:00:16]} Rc1 {[%emt 0:00:19]} 38. b3 {[%emt 0:00:07]} Rb1 {[%emt 0:00:59]} 39. Na5 {[%emt 0:00:07]} Nd5 {[%emt 0:04:37]} 40. Be2 {[%emt 0:02:00]} Nb4 {[%emt 0:00:09]} 41. Bc4 {[%emt 0:30:56]} Re1 {[%emt 0:30:35]} 42. g4 {[%emt 0:01:51]} Re5 {[%emt 0:08:45]} 43. Nb7 {[%emt 0:00:55]} Re7 {[%emt 0:00:08]} 44. Na5 {[%emt 0:01:26]} Re5 {[%emt 0:00:13]} 45. Nb7 {[%emt 0:00:49]} 1/2-1/2

[Event "WTCC-65 2018"]
[Site "Radebeul"]
[Date "2018.07.08"]
[Round "2"]
[White "Maes, Valeer"]
[Black "Schmidt, Bodo"]
[Result "1/2-1/2"]
[WhiteElo "2088"]
[BlackElo "2344"]
[Annotator "ChessBase"]
[PlyCount "101"]
[EventDate "2018.07.07"]
[EventType "team-tourn"]
[EventCountry "GER"]
[SourceTitle "playchess.com"]
[Source "ChessBase"]
[SourceQuality "1"]
[TimeControl "40/5400+30:1800+30"]

1. d4 {[%emt 0:00:00]} d5 {[%emt 0:00:00]} 2. Nf3 {[%emt 0:00:00]} Nf6 {[%emt 0:00:00]} 3. c4 {[%emt 0:00:00]} c6 {[%emt 0:00:00]} 4. Nbd2 {[%emt 0:00:18]} Bf5 {[%emt 0:00:15]} 5. g3 {[%emt 0:00:13]} e6 {[%emt 0:00:40]} 6. Bg2 {[%emt 0:00:09]} h6 {[%emt 0:04:04]} 7. O-O {[%emt 0:00:15]} Nbd7 {[%emt 0:00:12]} 8. b3 {[%emt 0:00:38]} Bd6 {[%emt 0:00:59]} 9. Bb2 {[%emt 0:00:22]} O-O {[%emt 0:00:05]} 10. Ne5 {[%emt 0:04:42]} Qe7 {[%emt 0:11:23]} 11. Nxd7 {[%emt 0:01:29]} Qxd7 {[%emt 0:00:40]} 12. Re1 {[%emt 0:17:00]} Bg6 {[%emt 0:14:14]} 13. Qc1 {[%emt 0:15:06]} Rfd8 {[%emt 0:02:09]} 14. Bc3 {[%emt 0:02:35]} Qe7 {[%emt 0:06:30]} 15. a4 {[%emt 0:02:50]} c5 {[%emt 0:01:24]} 16. e3 {[%emt 0:04:03]} Ne4 {[%emt 0:05:24]} 17. Nxe4 {[%emt 0:01:48]} Bxe4 {[%emt 0:00:04]} 18. cxd5 {[%emt 0:02:13]} exd5 {[%emt 0:04:23]} 19. dxc5 {[%emt 0:01:38]} Bxc5 {[%emt 0:00:12]} 20. Qb2 {[%emt 0:00:30]} f6 {[%emt 0:02:42]} 21. Bd4 {[%emt 0:06:44]} Rac8 {[%emt 0:01:59]} 22. Bh3 {[%emt 0:05:23]} Rc7 {[%emt 0:06:58]} 23. Bxc5 {[%emt 0:01:01]} Rxc5 {[%emt 0:01:06]} 24. Rac1 {[%emt 0:01:15]} b6 {[%emt 0:00:38]} 25. Qd4 {[%emt 0:06:37]} a5 {[%emt 0:01:27]} 26. Rc3 {[%emt 0:02:49]} Rxc3 {[%emt 0:06:03]} 27. Qxc3 {[%emt 0:00:02]} Qb4 {[%emt 0:00:08]} 28. Rc1 {[%emt 0:03:12]} Qxc3 {[%emt 0:01:39]} 29. Rxc3 {[%emt 0:00:01]} d4 {[%emt 0:00:10]} 30. exd4 {[%emt 0:00:33]} Rxd4 {[%emt 0:00:03]} 31. Be6+ {[%emt 0:04:57]} Kf8 {[%emt 0:01:56]} 32. f3 {[%emt 0:01:56]} Ke7 {[%emt 0:01:04]} 33. Bg8 {[%emt 0:09:54]} Bd5 {[%emt 0:03:23]} 34. Bxd5 {[%emt 0:00:25]} Rxd5 {[%emt 0:00:02]} 35. Rc7+ {[%emt 0:00:36]} Kd6 {[%emt 0:03:01]} 36. Rxg7 {[%emt 0:02:20]} Rd3 {[%emt 0:07:11]} 37. Rg6 {[%emt 0:00:16]} Ke5 {[%emt 0:03:59]} 38. Kf2 {[%emt 0:02:49]} Rd2+ {[%emt 0:02:47]} 39. Ke3 {[%emt 0:00:37]} Rxh2 {[%emt 0:00:01]} 40. Kd3 {[%emt 0:00:48]} h5 {[%emt 0:01:35]} 41. Rh6 {[%emt 0:03:38]} Rh3 {[%emt 0:02:30]} 42. Rg6 {[%emt 0:06:55]} h4 {[%emt 0:02:03]} 43. gxh4 {[%emt 0:00:33]} Rxf3+ {[%emt 0:00:20]} 44. Kc2 {[%emt 0:01:41]} Rf4 {[%emt 0:01:58]} 45. h5 {[%emt 0:02:33]} Kd4 {[%emt 0:00:34]} 46. h6 {[%emt 0:00:38]} Rf2+ {[%emt 0:00:14]} 47. Kd1 {[%emt 0:00:17]} Ke5 {[%emt 0:06:22]} 48. Rg8 {[%emt 0:01:14]} Rh2 {[%emt 0:00:48]} 49. Rb8 {[%emt 0:00:08]} Rxh6 {[%emt 0:01:15]} 50. Rxb6 {[%emt 0:00:11]} Kd4 {[%emt 0:00:37]} 51. b4 {[%emt 0:03:00]} 1/2-1/2

[Event "WTCC-65 2018"]
[Site "Radebeul"]
[Date "2018.07.08"]
[Round "2"]
[White "Van de Wynkele, Herman"]
[Black "Schulze, Ulrich"]
[Result "1/2-1/2"]
[WhiteElo "2084"]
[BlackElo "2313"]
[Annotator "NA"]
[PlyCount "37"]
[EventDate "2018.07.07"]
[EventType "team-tourn"]
[EventCountry "GER"]
[SourceTitle "playchess.com"]
[Source "ChessBase"]
[SourceQuality "1"]
[TimeControl "40/5400+30:1800+30"]

1. e4 {[%emt 0:00:00]} c6 {[%emt 0:00:00]} 2. d4 {[%emt 0:00:00]} d5 {[%emt 0:00:02]} 3. e5 {[%emt 0:00:00]} c5 {[%emt 0:00:32]} 4. dxc5 {[%emt 0:01:16]} Nc6 {[%emt 0:00:51]} 5. Bb5 {[%emt 0:01:41]} e6 {[%emt 0:00:11]} 6. Be3 {[%emt 0:01:17]} Nge7 {[%emt 0:00:29]} 7. c3 {[%emt 0:01:16]} Bd7 {[%emt 0:02:28]} 8. Bxc6 {[%emt 0:02:00]} Bxc6 {[%emt 0:00:31]} 9. Bd4 {[%emt 0:01:20]} Nf5 {[%emt 0:05:52]} 10. Ne2 {[%emt 0:00:34]} Nxd4 {[%emt 0:18:32]} 11. cxd4 {[%emt 0:00:44]} b6 {[%emt 0:00:45]} 12. cxb6 {[%emt 0:07:25]} Qxb6 {[%emt 0:00:05]} 13. Qd2 {[%emt 0:00:12]} Rb8 {[%emt 0:00:18]} 14. Nbc3 {[%emt 0:25:29]} Qxb2 {[%emt 0:01:02]} 15. Qxb2 {[%emt 0:00:24]} Rxb2 {[%emt 0:00:07]} 16. O-O {[%emt 0:00:43]} Ba3 {[%emt 0:04:32]} 17. Rab1 $15 {[%emt 0:03:18]} Rxb1 18. Rxb1 Kd7 19. Nb5 1/2-1/2

[Event "WTCC-65 2018"]
[Site "Radebeul"]
[Date "2018.07.08"]
[Round "2"]
[White "Lindner, Jan Joost"]
[Black "Shushpanov, Vladimir"]
[Result "1/2-1/2"]
[WhiteElo "2058"]
[BlackElo "2198"]
[Annotator "NA"]
[PlyCount "73"]
[EventDate "2018.07.07"]
[EventType "team-tourn"]
[EventCountry "GER"]
[SourceTitle "playchess.com"]
[Source "ChessBase"]
[SourceQuality "1"]
[TimeControl "40/5400+30:1800+30"]

1. e4 c6 2. Be2 d5 {[%emt 0:00:00]} 3. d3 {[%emt 0:00:01]} g6 {[%emt 0:00:00]} 4. f4 {[%emt 0:00:00]} Bg7 {[%emt 0:00:09]} 5. Nf3 {[%emt 0:00:00]} Bg4 {[%emt 0:00:53]} 6. O-O {[%emt 0:01:59]} e6 {[%emt 0:00:20]} 7. c3 {[%emt 0:02:28]} Nf6 {[%emt 0:00:42]} 8. h3 {[%emt 0:01:11]} Bxf3 {[%emt 0:01:34]} 9. Bxf3 {[%emt 0:00:30]} dxe4 {[%emt 0:01:42]} 10. dxe4 {[%emt 0:00:09]} Qxd1 {[%emt 0:00:26]} 11. Rxd1 {[%emt 0:00:07]} Nbd7 {[%emt 0:00:26]} 12. Nd2 {[%emt 0:02:44]} Nc5 {[%emt 0:00:53]} 13. e5 {[%emt 0:03:18]} Nd5 {[%emt 0:00:10]} 14. Nc4 {[%emt 0:00:04]} O-O {[%emt 0:02:33]} 15. Nd6 {[%emt 0:10:20]} Rad8 {[%emt 0:06:53]} 16. c4 {[%emt 0:08:25]} Rxd6 {[%emt 0:14:56]} 17. exd6 {[%emt 0:01:10]} Nb6 {[%emt 0:00:45]} 18. Be3 {[%emt 0:01:09]} Ncd7 {[%emt 0:02:42]} 19. b3 {[%emt 0:03:01]} Bxa1 {[%emt 0:04:21]} 20. Rxa1 {[%emt 0:01:22]} Rd8 {[%emt 0:01:06]} 21. a4 $18 {[%emt 0:04:26]} Nc8 {[%emt 0:02:07]} 22. c5 {[%emt 0:00:31]} Nf6 {[%emt 0:04:08]} 23. Bd4 {[%emt 0:02:11]} Nd5 {[%emt 0:00:22]} 24. Bxd5 {[%emt 0:00:31]} cxd5 {[%emt 0:02:17]} 25. Bf6 {[%emt 0:00:31]} Rd7 {[%emt 0:00:49]} 26. a5 {[%emt 0:01:28]} a6 {[%emt 0:01:09]} 27. Kf2 {[%emt 0:01:11]} Na7 {[%emt 0:00:26]} 28. b4 {[%emt 0:00:33]} Kf8 {[%emt 0:05:21]} 29. Ke3 {[%emt 0:00:19]} Ke8 {[%emt 0:00:47]} 30. g4 Kf8 {[%emt 0:00:31]} 31. g5 {[%emt 0:00:54]} Kg8 32. h4 {[%emt 0:00:08]} Kf8 {[%emt 0:04:08]} 33. Kd3 {[%emt 0:00:14]} Kg8 {[%emt 0:00:24]} 34. Rb1 {[%emt 0:00:06]} Kf8 {[%emt 0:00:29]} 35. Rb2 {[%emt 0:00:37]} Kg8 {[%emt 0:00:14]} 36. Rb1 {[%emt 0:00:02]} Kf8 {[%emt 0:00:10]} 37. Rb2 1/2-1/2

[Event "WTCC-65 2018"]
[Site "Radebeul"]
[Date "2018.07.08"]
[Round "2"]
[White "Kahn, Peter"]
[Black "Stebbings, Anthony J"]
[Result "0-1"]
[WhiteElo "2050"]
[BlackElo "2257"]
[Annotator "NA"]
[PlyCount "84"]
[EventDate "2018.07.07"]
[EventType "team-tourn"]
[EventCountry "GER"]
[SourceTitle "playchess.com"]
[Source "ChessBase"]
[SourceQuality "1"]
[TimeControl "40/5400+30:1800+30"]

1. e4 {[%emt 0:00:00]} c5 {[%emt 0:00:00]} 2. c3 {[%emt 0:00:00]} Nf6 {[%emt 0:00:00]} 3. e5 {[%emt 0:00:00]} Nd5 {[%emt 0:00:00]} 4. d4 {[%emt 0:00:05]} cxd4 {[%emt 0:00:02]} 5. Nf3 {[%emt 0:00:06]} e6 {[%emt 0:00:39]} 6. cxd4 {[%emt 0:00:53]} d6 {[%emt 0:00:08]} 7. Bc4 {[%emt 0:01:27]} Nc6 {[%emt 0:00:42]} 8. O-O {[%emt 0:00:40]} Be7 {[%emt 0:00:22] LiveBook: 1809 Partien} 9. Nc3 {[%emt 0:10:38]} Nxc3 {[%emt 0:01:34] B22: Sizilianisch (Alapin 2.c3)} 10. bxc3 {[%emt 0:00:02]} dxe5 {[%emt 0:00:10]} 11. dxe5 {[%emt 0:00:57]} Qxd1 {[%emt 0:00:57]} 12. Rxd1 {[%emt 0:00:02]} Bd7 {[%emt 0:08:09]} 13. a4 {[%emt 0:06:35]} Rc8 {[%emt 0:02:35]} 14. Ba3 $146 {[%emt 0:03:42]} ({Vorgänger:} 14. a5 Nb8 15. Nd2 O-O 16. Ba3 Bxa3 17. Rxa3 {½-½ (36) Votava,J (2380)-David,P (2400) Czechoslovakia 1991}) 14... Bxa3 {[%emt 0:04:05]} 15. Rxa3 {[%emt 0:00:04]} Ke7 {[%emt 0:00:14]} 16. Bd3 $17 {[%emt 0:10:28]} Na5 {[%emt 0:14:42]} 17. Nd2 {[%emt 0:19:24]} Rc5 {[%emt 0:01:51]} 18. f4 {[%emt 0:00:21]} Bc6 {[%emt 0:05:03]} 19. c4 {[%emt 0:06:03]} Rd8 {[%emt 0:02:37]} 20. Rc1 {[%emt 0:00:19]} h6 {[%emt 0:02:58]} 21. Kf2 {[%emt 0:00:33]} b6 {[%emt 0:07:19]} 22. g3 {[%emt 0:01:41]} Bxa4 {[%emt 0:03:11]} 23. Ne4 {[%emt 0:03:01]} Rc7 {[%emt 0:00:12]} 24. Nd6 {[%emt 0:00:46]} Bc6 {[%emt 0:01:20]} 25. c5 {[%emt 0:00:10]} Bd5 {[%emt 0:08:07]} 26. Nb5 {[%emt 0:05:00]} Rcd7 {[%emt 0:05:32]} 27. cxb6 {[%emt 0:00:51]} axb6 {[%emt 0:00:07]} 28. Rac3 {[%emt 0:02:22]} Nb3 {[%emt 0:01:38]} 29. Rb1 {[%emt 0:00:57]} Nc5 {[%emt 0:00:15]} 30. Nd6 {[%emt 0:00:33]} Ra8 {[%emt 0:03:31]} 31. Rxb6 {[%emt 0:04:07]} Na4 {[%emt 0:01:36]} 32. Rbc6 {[%emt 0:07:45]} Nxc3 {[%emt 0:03:33]} 33. Rxc3 {[%emt 0:00:02]} Ra2+ {[%emt 0:03:46]} 34. Kg1 {[%emt 0:00:09]} Rg2+ {[%emt 0:00:48]} 35. Kf1 {[%emt 0:00:02]} Rxh2 {[%emt 0:00:56]} 36. Rc8 {[%emt 0:00:18]} Rxd6 {[%emt 0:02:58]} 37. exd6+ {[%emt 0:00:33]} Kxd6 {[%emt 0:00:02]} 38. Bb5 {[%emt 0:04:40]} g5 {[%emt 0:07:58]} 39. fxg5 {[%emt 0:03:38]} hxg5 {[%emt 0:00:01]} 40. Be2 {[%emt 0:00:15]} Ke5 {[%emt 0:01:35]} 41. Rg8 {[%emt 0:31:45]} f6 {[%emt 0:31:18]} 42. Rg6 {[%emt 0:01:30]} Ke4 {[%emt 0:05:19]} 0-1

[Event "WTCC-65 2018"]
[Site "Radebeul"]
[Date "2018.07.08"]
[Round "2"]
[White "Zunker, Reinhard"]
[Black "Bartsch, Berthold"]
[Result "1/2-1/2"]
[WhiteElo "2024"]
[BlackElo "2248"]
[Annotator "NA"]
[PlyCount "78"]
[EventDate "2018.07.07"]
[EventType "team-tourn"]
[EventCountry "GER"]
[SourceTitle "playchess.com"]
[Source "ChessBase"]
[SourceQuality "1"]
[TimeControl "40/5400+30:1800+30"]

1. e4 {[%emt 0:00:00]} c5 {[%emt 0:00:00]} 2. Nf3 {[%emt 0:00:01]} Nf6 {[%emt 0:00:01]} 3. e5 {[%emt 0:00:43]} Nd5 {[%emt 0:00:02]} 4. Nc3 {[%emt 0:00:43]} Nxc3 {[%emt 0:03:12]} 5. dxc3 {[%emt 0:00:25]} e6 {[%emt 0:00:14]} 6. Bf4 {[%emt 0:01:14]} Be7 {[%emt 0:00:11]} 7. h4 {[%emt 0:02:09]} Nc6 {[%emt 0:04:45]} 8. Qe2 {[%emt 0:02:02]} Qa5 {[%emt 0:03:34]} 9. Qe3 {[%emt 0:06:47]} b5 {[%emt 0:02:14]} 10. Nd2 {[%emt 0:01:47]} Ba6 {[%emt 0:07:35]} 11. Bd3 {[%emt 0:04:13]} O-O-O {[%emt 0:04:57]} 12. h5 {[%emt 0:03:49]} f6 {[%emt 0:07:12]} 13. a4 {[%emt 0:08:51]} c4 {[%emt 0:05:15]} 14. Be2 {[%emt 0:01:50]} b4 {[%emt 0:01:05]} 15. Bxc4 {[%emt 0:03:32]} bxc3 {[%emt 0:03:23]} 16. bxc3 $16 {[%emt 0:00:50]} fxe5 {[%emt 0:00:46]} 17. Bxa6+ {[%emt 0:07:21]} Qxa6 {[%emt 0:00:03]} 18. Bxe5 {[%emt 0:00:19]} Nxe5 {[%emt 0:01:22]} 19. Qxe5 {[%emt 0:00:50]} Bf6 {[%emt 0:01:43]} 20. Qc5+ {[%emt 0:00:31]} Kb8 {[%emt 0:04:08]} 21. Ne4 {[%emt 0:01:48]} Rc8 {[%emt 0:02:53]} 22. Qb4+ {[%emt 0:03:54]} Ka8 {[%emt 0:00:09]} 23. Nxf6 {[%emt 0:02:17]} gxf6 {[%emt 0:00:09]} 24. Qb5 {[%emt 0:02:10]} Qxb5 {[%emt 0:03:24]} 25. axb5 {[%emt 0:00:11]} Kb7 {[%emt 0:00:11]} 26. Rh3 {[%emt 0:01:22]} Rhg8 {[%emt 0:00:24]} 27. O-O-O {[%emt 0:02:21]} Rc7 {[%emt 0:02:58]} 28. Rf3 {[%emt 0:00:39]} f5 {[%emt 0:01:20]} 29. g3 {[%emt 0:00:59]} Rg5 {[%emt 0:03:36]} 30. Rfd3 {[%emt 0:02:00]} Kc8 {[%emt 0:00:19]} 31. Kb2 {[%emt 0:02:34]} Rxh5 {[%emt 0:00:58]} 32. Kb3 {[%emt 0:00:11]} Rh2 {[%emt 0:02:54]} 33. R1d2 {[%emt 0:00:40]} h5 {[%emt 0:06:48]} 34. Rd4 {[%emt 0:00:54]} Rh1 {[%emt 0:01:24]} 35. Rd1 {[%emt 0:00:44]} Rxd1 {[%emt 0:00:51]} 36. Rxd1 {[%emt 0:00:09]} d5 {[%emt 0:00:06]} 37. Rd4 {[%emt 0:00:21]} Kb7 {[%emt 0:12:41]} 38. c4 {[%emt 0:03:53]} dxc4+ {[%emt 0:03:36]} 39. Rxc4 {[%emt 0:00:14]} Rd7 {[%emt 0:02:54]} 1/2-1/2